000 01194nas a2200301 4500
001 BR2015004080
003 BR-BrBNA
005 20231205125530.0
007 ta
008 230509b bl.|||p| |||| 00| 00por d
040 _aBR-BrBNA
_bpor
_cBiblioteca Nacional de Agricultura
041 _a(Pt)
072 _aF03
100 1 _aLuz, P.B. da
100 1 _aPivetta, K.F.L.
100 1 _aFernandez, T.G.
100 1 _aPimenta, R.S.
100 1 _aCastro, A. de
111 1 _a16° Congresso Brasileiro de Floricultura e Plantas Ornamentais; 3° Congresso Brasileiro de Cultura de Tecidos de Plantas; 1° Simpósio de Plantas Ornamentais Nativas
_cGoiânia, GO (Brazil)
_d10-15 Sep 2007
245 1 _aDiferentes substratos para germinação de sementes de palmeira real australiana (Archontophoenix cunninghamii H. Wendl. Drude)
650 _aPLANTA ORNAMENTAL
650 _aPROPAGAÇÃO VEGETATIVA
650 _aSUBSTRATO DE CULTURA
650 _aPODER GERMINATIVO
773 0 _tRevista Brasileira de Horticultura Ornamental (Brazil)
_xISSN 1809-6093
_g(Sep 2007), v. 13(Suplemento) p. 1407-1411
_wBR2015004080
909 _a202311
_bLúcia
_c55
_dLúcia Elande
942 _2AGRIS
_n0
_cANA
999 _c244814
_d244814